Fundamentals of Digital Circuits / (Record no. 910)

MARC details
000 -LEADER
fixed length control field 00573nam a2200205 a 4500
003 - CONTROL NUMBER IDENTIFIER
control field PK-NaQUE
005 - DATE AND TIME OF LATEST TRANSACTION
control field 20250820104539.0
008 - FIXED-LENGTH DATA ELEMENTS--GENERAL INFORMATION
fixed length control field 250820b ||||| |||| 00| 0 eng d
020 ## - INTERNATIONAL STANDARD BOOK NUMBER
International Standard Book Number 8120336798 (paperback)
020 ## - INTERNATIONAL STANDARD BOOK NUMBER
International Standard Book Number 9788120336797 (paperback)
040 ## - CATALOGING SOURCE
Transcribing agency QUEST
100 1# - MAIN ENTRY--PERSONAL NAME
Personal name Anand, Kumar A.
245 10 - TITLE STATEMENT
Title Fundamentals of Digital Circuits /
250 ## - EDITION STATEMENT
Edition statement 2nd edition.
260 ## - PUBLICATION, DISTRIBUTION, ETC. (IMPRINT)
Place of publication, distribution, etc [S.l.] :
Name of publisher, distributor, etc PHI Learning,
Date of publication, distribution, etc 2009.
300 ## - PHYSICAL DESCRIPTION
Extent 944 p. ;
650 ## - SUBJECT ADDED ENTRY--TOPICAL TERM
Topical term or geographic name as entry element Digital Circuits
856 40 - ELECTRONIC LOCATION AND ACCESS
Uniform Resource Identifier <a href="http://10.10.170.122:8080/browse/book/1801">http://10.10.170.122:8080/browse/book/1801</a>
Link text Download eBook
942 ## - ADDED ENTRY ELEMENTS (KOHA)
Koha item type Books
Source of classification or shelving scheme Dewey Decimal Classification
Holdings
Withdrawn status Lost status Damaged status Not for loan Collection code Home library Current library Date acquired Cost, normal purchase price Total Checkouts Full call number Barcode Date last seen Date checked out Koha item type Price effective from
          Central Library, QUEST, Nawabshah Central Library, QUEST, Nawabshah 13/06/2014 825.00   621.384KUM 42812 20/08/2025   Books 20/08/2025
        Reference Reference Section Reference Section 29/04/2014 825.00 1 621.3192KUM (Shelf -49E) 42235 22/11/2017 19/05/2017 Books